| 000 | 00531nam a22001817a 4500 | ||
|---|---|---|---|
| 999 |
_c10092 _d10092 |
||
| 003 | AR-CdUCM | ||
| 008 | 190329b ||||| |||| 00| 0 spa d | ||
| 040 |
_aMUNICIPALIDAD PROVINCIAL DEL CUSCO _cBIBLIOTECA MUNICIPAL DEL CUSCO |
||
| 082 |
_aEP / 808.8 / _bC18 |
||
| 100 |
_aCalderon de la Barca, Pedro _9647 |
||
| 245 | _aEl alcalde de Zalamea / | ||
| 260 |
_aLima : _bMercurio, _c1989. |
||
| 300 |
_a142 páginas ; _c17 cm. |
||
| 650 |
_aObras literarias. _9403 |
||
| 650 |
_aTeatro. _9173 |
||
| 942 |
_2ddc _cLIBROS |
||
| 945 | _awfj | ||